000 00626cam a2200205 a 4500
001 000008667
005 20200929161400.0
008 940721s1990 cu a 000 f spa
035 _a(DLC) 94186564
040 _aDO-SdBNP
_bspa
_cDLC
_dBNPHU
082 _aCu863.44
_bM385t
100 1 _aMartínez de Santelices, Néstor.
_923105
245 1 0 _aTener que dejarte /
_cNéstor Martínez de Santelices.
260 _aLa Habana :
_bCapitán San Luis,
_c1990.
300 _a215 p. :
_bil. ;
_c19 cm.
650 4 _aNovela cubana
_92316
650 4 _aLiteratura cubana
_91483
910 _aCatalogación por copia / LC
049 _aBNGR
999 _c8437
_d8437